000 00642nam a22001457a 4500
020 _a81-89125-18-9
082 _a894.812
_bCHA/M
100 _aCHANDRAN K.S
245 _aMAHABHARATHAM KATHAPATHRANGALILOODE
260 _aTRIVANDRUM
_bAUTHENTIC BOOKS
_c2010
300 _a484
520 _aAppearing in its present form about 400 ce, the Mahabharata consists of a mass of mythological and didactic material arranged around a central heroic narrative that tells of the struggle for sovereignty between two groups of cousins, the Kauravas (sons of Dhritarashtra, the descendant of Kuru) and the Pandavas
650 _aCLASSIC STORY
942 _cBK
999 _c4077
_d4077